| 000 | 00883nam a22002537a 4500 | ||
|---|---|---|---|
| 003 | OSt | ||
| 005 | 20220921171712.0 | ||
| 008 | 220921b |||||||| |||| 00| 0 eng d | ||
| 020 | _a978-84-89771-64-2 | ||
| 040 | _cBiblioteca Lado V | ||
| 082 |
_a704.06 _bN799d |
||
| 100 |
_aNomeda, Bartomeu Mari _eautor |
||
| 245 | _aDispositius Per al' accio/ | ||
| 260 |
_aBarcelona _bMuseo de arte contemporaneo _c2008 |
||
| 300 |
_a181p. _c17x25cm |
||
| 650 |
_2Tesauro de Arte & Arquitectura _aHISTORIA |
||
| 650 |
_2Tesauro de Arte & Arquitectura _aPOLITICA |
||
| 650 |
_2Tesauro de Arte & Arquitectura _aECONOMIA |
||
| 651 |
_2Tesauro de Arte & Arquitectura _aFOTOGRAFIA |
||
| 651 |
_2Tesauro de Arte & Arquitectura _aSOCIAL |
||
| 651 |
_2Tesauro de Arte & Arquitectura _aLITUANIA |
||
| 700 |
_aUrbonas, Gediminas _ecoautor |
||
| 942 |
_2ddc _c1 _h704.06 _iN799d _n0 |
||
| 999 |
_c2086 _d2086 |
||